[Event "III Open"]
[Site "Bajada de la Virgen ESP"]
[Date "2005.06.14"]
[Round "2"]
[White "Van den Doel,E"]
[Black "Roeder,M"]
[Result "1-0"]
[WhiteElo "2558"]
[BlackElo "2404"]

1.e4 c5 2.Nf3 d6 3.d4 cxd4 4.Nxd4 Nf6 5.Nc3 a6 6.Be3 e5 7.Nb3 Be7 8.f3 Be6
9.Qd2 O-O 10.O-O-O Qc7 11.g4 Rc8 12.g5 Nh5 13.Nd5 Bxd5 14.exd5 a5 15.Bh3 Nd7
16.Qd3 a4 17.Nd2 a3 18.b3 Nf4 19.Bxf4 exf4 20.Bxd7 Qxd7 21.h4 f5 22.Rde1 g6
23.Qe2 Re8 24.Qe6+ Qxe6 25.Rxe6 b5 26.Rhe1 Kf7 27.c3 Ra7 28.Kc2 Rc8 29.b4 h6
30.h5 Bxg5 31.hxg6+ Kg7 32.Rxd6 Rac7 33.c4 bxc4 34.b5 Rb7 35.b6 h5 36.Ree6 c3
37.Nb3 Bd8 38.Nd4 Rxb6 39.Nxf5+ Kf8 40.g7+  1-0

[Event "III Open"]
[Site "Bajada de la Virgen ESP"]
[Date "2005.06.16"]
[Round "6"]
[White "Bojovic,D"]
[Black "Roeder,M"]
[Result "0-1"]
[WhiteElo "2154"]
[BlackElo "2404"]

1.e4 c5 2.Nf3 d6 3.d4 cxd4 4.Nxd4 Nf6 5.Nc3 a6 6.Be3 e5 7.Nb3 Be7 8.f3 Be6
9.Qd2 O-O 10.O-O-O Qc7 11.Kb1 Nbd7 12.Qf2 b5 13.g4 Rfb8 14.h4 b4 15.Nd5 Bxd5
16.exd5 a5 17.h5 a4 18.Nc1 a3 19.g5 axb2 20.Nb3 Nb6 21.gxf6 Qa7 22.Kxb2 Qa3+  0-1

[Event "Open"]
[Site "Mielo POL"]
[Date "2005.06.19"]
[Round "10"]
[White "Adamski,M"]
[Black "Litwin,J"]
[Result "1-0"]
[WhiteElo "2287"]
[BlackElo "2221"]

1.e4 c5 2.Nf3 d6 3.d4 cxd4 4.Nxd4 Nf6 5.Nc3 a6 6.Be3 e5 7.Nb3 Be6 8.f3 Nbd7
9.Qd2 Be7 10.O-O-O b5 11.Nd5 Bxd5 12.exd5 Nb6 13.Bxb6 Qxb6 14.Na5 Rc8 15.Nc6 Nxd5
16.Nxe7 Nxe7 17.Qxd6 Qxd6 18.Rxd6 Nc6 19.Rd2 Ke7 20.Bd3 g6 21.Be4 f5 22.Bxc6 Rxc6
23.Rhd1 Rhc8 24.Kb1 R8c7 25.c3 Re6 26.Rd8 e4 27.fxe4 fxe4 28.Rh8 Kf6 29.Rf8+ Kg7
30.Rf2 e3 31.Re2 Rf7 32.Rde1 Rfe7 33.Rf1 Re5 34.Kc2 Rh5 35.g3 Rd7 36.Rd1 Rf7
37.Rd3 Rf2 38.Rxe3 Rhxh2 39.Rxf2 Rxf2+ 40.Kb3 Rg2 41.Re7+ Kh6 42.Ra7 Rxg3
43.Rxa6 Kg7 44.Ra7+ Kg8 45.Rb7 Rg5 46.c4 bxc4+ 47.Kxc4 h5 48.Rb3 Ra5 49.a3 h4
50.Rh3 Rh5 51.b4 g5 52.b5 g4 53.b6 Rh7 54.Rxh4 g3 55.Rg4+ Rg7 56.Rxg3 Rxg3
57.b7 Rg4+ 58.Kb5 Rg5+ 59.Ka6  1-0

[Event "White Nights"]
[Site "St Petersburg RUS"]
[Date "2005.06.19"]
[Round "2"]
[White "Windelband,J"]
[Black "Pavlov,Ma"]
[Result "0-1"]
[WhiteElo "2159"]
[BlackElo "2319"]

1.e4 c5 2.Nf3 d6 3.d4 cxd4 4.Nxd4 Nf6 5.Nc3 a6 6.Be3 e6 7.Bc4 b5 8.Bb3 Bb7
9.f3 Nbd7 10.Qd2 b4 11.Nce2 d5 12.exd5 Nxd5 13.Bg5 Qa5 14.Rd1 Bc5 15.Nf5 O-O
16.Bxd5 Bxd5 17.Ne7+ Kh8 18.Nxd5 exd5 19.Qxd5 Nb6 20.Qb3 Rae8 21.Rd2 Qb5
22.Kd1 f6 23.Bf4 g5 24.Bg3 Rd8 25.Rd3 a5 26.Nc1 a4 27.Qe6 Rde8 28.Qf5 Nc4
29.Qd7 Nxb2+ 30.Kd2 Be3+  0-1

[Event "Open"]
[Site "Voronezh RUS"]
[Date "2005.06.20"]
[Round "8"]
[White "Smirnov,Alexey"]
[Black "Petrushin,A"]
[Result "1-0"]
[WhiteElo "2335"]
[BlackElo "2467"]

1.e4 c5 2.Nf3 d6 3.d4 cxd4 4.Nxd4 Nf6 5.Nc3 a6 6.Be3 e6 7.g4 h6 8.f3 b5 9.Qd2 Qc7
10.O-O-O b4 11.Na4 Nbd7 12.h4 d5 13.Bh3 e5 14.g5 exd4 15.Bxd4 Nh5 16.exd5 Bd6
17.Kb1 O-O 18.gxh6 Bf4 19.Qxb4 Bxh6 20.Qe7 Rb8 21.Nb6 Qxb6 22.Bxb6 Nxb6 23.Bg4 Nf6
24.Qb4 Bxg4 25.fxg4 Nbxd5 26.Qa3 Bf4 27.c3 Rfc8 28.Rh3 Ne3 29.Rd4 Nc4 30.Rxc4 Rxc4
31.Qxa6 Re4 32.Rh1 Nxg4 33.a3 Ne5 34.b4 Nc4 35.Rd1 Be5 36.Kc2 Rxh4 37.Kb3 Ne3
38.Rd3 Nf5 39.Qa5 f6 40.Qd5+ Kh8 41.Qe6 Ng3 42.Qe7 Kh7 43.a4 Ne2 44.Re3 Bxc3
45.Rxe2 Bxb4 46.Qd7 Bc5+ 47.Ka2 Bd4 48.Rg2 f5 49.Qxf5+ Kh8 50.Rc2 Bc5 51.Qd7 Bf8
52.Rf2 Ra8 53.Kb3 Rb8+ 54.Kc2 Bc5 55.Qc7 Bxf2 56.Qxb8+ Kh7 57.Qb5 Rf4 58.a5 Rf6  1-0

[Event "Torch Real Estate Cup"]
[Site "Xiapu CHN"]
[Date "2005.06.21"]
[Round "14"]
[White "Xu Yang"]
[Black "Ji Dan"]
[Result "1/2-1/2"]
[WhiteElo "2366"]
[BlackElo "2226"]

1.e4 c5 2.Nf3 d6 3.d4 cxd4 4.Nxd4 Nf6 5.Nc3 a6 6.Be3 e5 7.Nf3 Be7 8.Bc4 O-O
9.Bb3 Nc6 10.O-O b5 11.Qe2 Be6 12.Rfd1 Rc8 13.h3 Qc7 14.Ng5 Bxb3 15.axb3 Nb4
16.Nf3 h6 17.Nh2 Qb7 18.Ng4 Nxg4 19.Qxg4 Kh7 20.Rd2 Rfd8 21.Rc1 Bf8 22.Nd5 Nxd5
23.Rxd5 b4 24.Qd1 Rd7 25.Qd3 Rdc7 26.Ra5 Rc6 27.Qd5 R8c7 28.Kh2 Qc8 29.c4 bxc3
30.bxc3 Rxc3 31.Rxc3 Rxc3 32.Qxf7 Rc7 33.Qd5 Qb7 34.Qxb7 Rxb7 35.Rxa6 Rxb3
36.Bc1 Rd3 37.Ra8 Kg8 38.Ra7 Kh7 39.f3 Kg6 40.Kg3 Kf6 41.Kf2 Rc3 42.Be3 Rc2+
43.Kg3 Ke6 44.f4 exf4+ 45.Bxf4 Be7 46.Kf3 Rc3+ 47.Kg4 Rc4 48.Kf3 Rc3+ 49.Kg4 Rc4  1/2-1/2

[Event "Torch Real Estate Cup"]
[Site "Xiapu CHN"]
[Date "2005.06.22"]
[Round "15"]
[White "Gu Xiaobing"]
[Black "Xu Yuhua"]
[Result "1/2-1/2"]
[WhiteElo "2331"]
[BlackElo "2478"]

1.e4 c5 2.Nf3 d6 3.d4 cxd4 4.Nxd4 Nf6 5.Nc3 a6 6.Be3 e5 7.Nb3 Be6 8.f3 Be7
9.Qd2 O-O 10.O-O-O Nbd7 11.g4 Qc7 12.Kb1 Rfc8 13.g5 Nh5 14.Qf2 b5 15.h4 b4
16.Nd5 Bxd5 17.Rxd5 Rcb8 18.Ra5 Nc5 19.Bxc5 dxc5 20.Bc4 Nf4 21.Rd1  1/2-1/2

[Event "Torch Real Estate Cup"]
[Site "Xiapu CHN"]
[Date "2005.06.24"]
[Round "17"]
[White "Zhang Jilin"]
[Black "Wang Yu A"]
[Result "1-0"]
[WhiteElo "2336"]
[BlackElo "2373"]

1.e4 c5 2.Nf3 d6 3.d4 cxd4 4.Nxd4 Nf6 5.Nc3 a6 6.Be3 e5 7.Nb3 Be7 8.f3 Be6
9.Qd2 Nbd7 10.g4 O-O 11.O-O-O Rc8 12.Kb1 Nb6 13.g5 Nh5 14.Rg1 Nc4 15.Bxc4 Bxc4
16.Na4 b5 17.Nb6 Rb8 18.Nd5 Bxd5 19.exd5 b4 20.Qd3 a5 21.Nd2 g6 22.Nc4 Ng7
23.h4 Nf5 24.Bf2 Qc7 25.Ne3 Nd4 26.Ng4 Nb5 27.Ka1 a4 28.Nh6+ Kh8 29.Rg4 Qa5
30.Be1 Nc7 31.Qe4 Na6 32.a3 Nc5 33.Qc4 Na6 34.axb4 Qb6 35.c3 Rfc8 36.Qe2 Kg7
37.Re4 Qc7 38.Qxa6 Ra8 39.Qd3 a3 40.b3  1-0

[Event "Torch Real Estate Cup"]
[Site "Xiapu CHN"]
[Date "2005.06.24"]
[Round "17"]
[White "Ji Dan"]
[Black "Xiu Deshun"]
[Result "1/2-1/2"]
[WhiteElo "2226"]
[BlackElo "2343"]

1.e4 c5 2.Nf3 d6 3.d4 Nf6 4.Nc3 cxd4 5.Nxd4 a6 6.Be3 e5 7.Nb3 Be6 8.f3 Nbd7
9.Qd2 b5 10.a4 b4 11.Nd5 Bxd5 12.exd5 Nb6 13.Bxb6 Qxb6 14.a5 Qb7 15.Bc4 Nd7
16.Ra4 Rb8 17.Qd3 Ra8 18.Qd2 Rb8 19.Qd3 Ra8 20.Qd2 Rb8  1/2-1/2

[Event "White Nights"]
[Site "St Petersburg RUS"]
[Date "2005.06.25"]
[Round "8"]
[White "Ivanov,Al3"]
[Black "Kostin,S"]
[Result "1/2-1/2"]
[WhiteElo "2303"]
[BlackElo "2275"]

1.e4 c5 2.Nf3 d6 3.d4 cxd4 4.Nxd4 Nf6 5.Nc3 a6 6.Be3 e5 7.Nb3 Be6 8.f3 Be7
9.Qd2 O-O 10.O-O-O a5 11.Bb5 Na6 12.Kb1 Nc7 13.Bb6 Qb8 14.a4 Rc8 15.g4 Nxb5
16.Nxb5 d5 17.g5 Nd7 18.Bf2 d4 19.N3xd4 exd4 20.Bg3 Ne5 21.f4 Nc4 22.Qf2 Bg4
23.f5 Ne5 24.Rdf1 Bxg5 25.h4 Bf6 26.h5 h6 27.Rfg1 Rc4 28.Bxe5 Qxe5 29.Rxg4 Rxa4
30.Qg3 Rd8 31.Rg1 Qxg3 32.R4xg3 Kf8 33.Rd3 Rc4 34.Rgd1 Rb4 35.Nc7 Be5 36.Nd5 Rb5
37.Nc3 Rb4 38.Ne2 Re8 39.Nxd4 Bxd4 40.Rxd4 Rxe4 41.Rd8+ Re8 42.R8d7 Rb5 43.c4 Rxf5
44.Rxb7 Rxh5 45.Rdd7 Rf5 46.c5 Rf6 47.c6  1/2-1/2

[Event "6th EICC"]
[Site "Warsaw POL"]
[Date "2005.06.25"]
[Round "7"]
[White "Fressinet,L"]
[Black "Alekseev,Evgeny"]
[Result "0-1"]
[WhiteElo "2638"]
[BlackElo "2597"]

1.e4 c5 2.Nf3 d6 3.d4 cxd4 4.Nxd4 Nf6 5.Nc3 a6 6.Be3 e5 7.Nb3 Be6 8.f3 Nbd7
9.g4 Nb6 10.g5 Nh5 11.Qd2 Be7 12.O-O-O O-O 13.Kb1 Rc8 14.Rg1 g6 15.h4 Qc7
16.Qf2 Nc4 17.Bxc4 Qxc4 18.Na5 Qc7 19.Bb6 Qd7 20.Qd2 f6 21.Nd5 Bxd5 22.Qxd5+ Kh8
23.gxf6 Nxf6 24.Qb3 Nh5 25.Rgf1 Nf4 26.c4 Qe6 27.Rd2 Bxh4 28.Rfd1 Be7 29.Rc2 h5
30.Nxb7 h4 31.Na5 Rf7 32.Be3 Nh5 33.Bc1 Kg7 34.Qb6 Qh3 35.Nc6 Bf8 36.Rg1 Ng3
37.c5 Qd7 38.Na5 dxc5 39.Nc4 Qe7 40.b3 Rxf3 41.Qxa6 Re8 42.Nxe5 Rf6 43.Nc6 Qxe4
44.Bb2 Re6 45.Qb7+ Kh6 46.Bxf6 Rxf6 47.Na5 Qd4 48.Qg2 Bg7 49.Qd2+ Rf4 50.Qxd4 Bxd4
51.Rgg2 Ne4 52.Nc4 g5 53.Rh2 Kh5 54.a4 g4 55.a5 g3 56.Rh1 Kg4 57.Re1 h3 58.a6 Nc3+
59.Kc1 Nb5 60.Ra2 g2 61.a7 Nxa7 62.Rxa7 Rf1  0-1

[Event "zt 4.1"]
[Site "Taza MAR"]
[Date "2005.06.28"]
[Round "9"]
[White "Adnani,M"]
[Black "Gueroui,N"]
[Result "1-0"]
[WhiteElo "2228"]
[BlackElo "2200"]

1.e4 c5 2.Nf3 d6 3.d4 cxd4 4.Nxd4 Nf6 5.Nc3 a6 6.Be3 e5 7.Nb3 Be6 8.f3 Be7
9.Qd2 b5 10.O-O-O Nbd7 11.g4 Nb6 12.g5 Nfd7 13.Nd5 Nxd5 14.exd5 Bf5 15.Na5 Qc7
16.Nc6 Rc8 17.Bd3 Bxd3 18.Qxd3 Nb6 19.Bxb6 Qxb6 20.f4 Rc7 21.h4 O-O 22.fxe5 dxe5
23.Nxe5 Bd6 24.Nc6 b4 25.Kb1 a5 26.h5 a4 27.h6 g6 28.Qf3 f5 29.Rhe1 b3 30.cxb3 axb3
31.axb3 Ra8 32.Re6 Qc5 33.b4 Qc4 34.Rxd6 Qa2+ 35.Kc2 Qc4+ 36.Qc3 Qe2+ 37.Rd2 Qe4+
38.Kb3 Qb1 39.Re6 Qa1 40.Kc2 Qa4+ 41.Qb3  1-0

[Event "4th Open"]
[Site "La Fere FRA"]
[Date "2005.07.02"]
[Round "1"]
[White "Mandon,F"]
[Black "Marchal,C"]
[Result "1-0"]
[WhiteElo "2155"]
[BlackElo "1873"]

1.e4 c5 2.Nf3 d6 3.d4 cxd4 4.Nxd4 Nf6 5.Nc3 a6 6.Be3 b5 7.f3 e6 8.Qd2 Bb7
9.g4 Nfd7 10.O-O-O Nb6 11.Bg5 Be7 12.Bxe7 Qxe7 13.Nb3 b4 14.Ne2 d5 15.Qd4 N8d7
16.Qxg7 Qf8 17.Qxf8+ Kxf8 18.Na5 Bc8 19.Ng3 Ne5 20.Be2 Ra7 21.Rd4 Rc7 22.Rxb4 Nbc4
23.Nxc4 Nxc4 24.Bxc4 dxc4 25.Rd1 Ke7 26.c3  1-0

[Event "Summer Open"]
[Site "Alushta UKR"]
[Date "2005.07.03"]
[Round "2"]
[White "Melnikova,Y"]
[Black "Zakhartsov,V"]
[Result "1/2-1/2"]
[WhiteElo "2331"]
[BlackElo "2534"]

1.e4 c5 2.Nf3 d6 3.d4 cxd4 4.Nxd4 Nf6 5.Nc3 a6 6.Be3 e5 7.Nb3 Be6 8.f3 h5
9.Qd2 Nbd7 10.O-O-O Rc8 11.Kb1 Be7 12.Nd5 Nxd5 13.exd5 Bf5 14.Bd3 Bxd3 15.Qxd3 Bg5
16.Bf2 Qc7 17.Rhe1 O-O 18.h4 Bh6 19.g4 hxg4 20.fxg4 Bf4 21.Nd2 Bxd2 22.Rxd2 Qc4
23.g5 Qxd3 24.Rxd3 f5 25.gxf6 gxf6 26.Rb3 b5 27.a4 Nc5 28.Bxc5 Rxc5 29.axb5 axb5
30.Rg1+ Kf7 31.Ra3 Rxd5 32.Ra7+ Ke6 33.c3 Rh8 34.Rg4 Kf5 35.Rag7 e4 36.Kc2 Rd3
37.Rxe4 Rxc3+ 38.Kxc3 Kxe4 39.Rg4+ Ke3 40.Rg6 f5 41.Re6+ Kf3 42.Rxd6 Rxh4
43.Rf6 b4+ 44.Kd3 Rf4 45.b3 Kg4 46.Rg6+ Kh5 47.Rg8 Rg4 48.Rb8 Kg5 49.Rf8 Re4
50.Rg8+ Kf4 51.Rf8 Kg4 52.Rf7 Kg5 53.Rf8 Rg4 54.Rf7 Kg6 55.Rf8 Re4 56.Rg8+ Kf7
57.Rg5 Kf6 58.Rg8 Ke5 59.Re8+ Kf4 60.Rf8 Kg4 61.Rf7 Re8 62.Rb7 Kf3 63.Rxb4 Re3+
64.Kd2 f4 65.Rb8 Kf2 66.b4 f3 67.b5 Re7 68.b6 Rg7 69.Rf8 Kg2 70.Ke3 Re7+
71.Kd2 f2 72.Rg8+ Kf1 73.Rf8 Rg7 74.Ke3 Kg1 75.Rxf2 Re7+ 76.Kd4 Kxf2 77.Kc5  1/2-1/2

[Event "20th North Sea Cup"]
[Site "Esbjerg DEN"]
[Date "2005.07.03"]
[Round "2"]
[White "Goloshchapov,A"]
[Black "Andersen,So"]
[Result "1-0"]
[WhiteElo "2519"]
[BlackElo "2130"]

1.e4 c5 2.Nf3 d6 3.d4 cxd4 4.Nxd4 Nf6 5.Nc3 a6 6.Be3 e5 7.Nb3 Be6 8.f3 Be7
9.Qd2 b5 10.a4 b4 11.Nd5 Bxd5 12.exd5 Nbd7 13.g4 Nb6 14.a5 Nbxd5 15.g5 Nxe3
16.gxf6 Bxf6 17.Qxe3 Rc8 18.Qe4 d5 19.Qxb4 Rxc2 20.Bxa6 Be7 21.Qb5+ Kf8 22.Rc1 Rxc1+
23.Nxc1 Bh4+ 24.Kd1 g6 25.Kc2 Kg7 26.Bb7 Qc7+ 27.Kb1 d4 28.a6 Qb8 29.Nd3 Re8
30.Qxe8  1-0

[Event "Open"]
[Site "Barbera del Valles ESP"]
[Date "2005.07.04"]
[Round "1"]
[White "Losada Cabrera,F"]
[Black "Pablo Marin,A"]
[Result "0-1"]
[WhiteElo "2194"]
[BlackElo "2424"]

1.e4 c5 2.Nf3 d6 3.d4 cxd4 4.Nxd4 Nf6 5.Nc3 a6 6.Be3 e5 7.Nb3 Be6 8.f3 Be7
9.Qd2 O-O 10.O-O-O Nbd7 11.g4 Nb6 12.h4 Rc8 13.Kb1 Qc7 14.h5 Nfd7 15.g5 f5
16.g6 f4 17.Bxb6 Nxb6 18.h6 hxg6 19.Bh3 Qd7 20.Nd5 Nxd5 21.Qxd5 Bxd5 22.Bxd7 Bc4
23.Bxc8 Rxc8 24.Rh2 gxh6 25.Rxh6 Kg7 26.Rdh1 Bg8 27.Nc1 d5 28.Nd3 Bg5 29.R6h2 dxe4
30.fxe4 Bf6 31.Nf2 Rd8 32.b3 Rd2 33.Kc1 Re2 34.Kd1 Re3 35.Rh8 Be7 36.R8h2 Be6
37.Rh7+ Kf6 38.Rg1 Bc5 39.Rh6 Rg3 40.Rf1 Rg2 41.Ke1 Kg7 42.Rhh1 Bd4 43.c4 g5
44.a4 g4 45.Rh4 Kg6 46.Rh8 g3 47.Nd1 Kg7 48.Rfh1 Rg1+ 49.Rxg1 Kxh8 50.Rh1+ Kg7  0-1

[Event "DS"]
[Site "Brno CZE"]
[Date "2005.07.04"]
[Round "5"]
[White "Rada Equiza,M"]
[Black "Rogule,L"]
[Result "0-1"]
[WhiteElo "2230"]
[BlackElo "2278"]

1.e4 c5 2.Nf3 d6 3.d4 cxd4 4.Nxd4 Nf6 5.Nc3 a6 6.Be3 Ng4 7.Bc4 Nxe3 8.fxe3 e6
9.O-O Be7 10.Rxf7 Kxf7 11.Qg4 d5 12.Rf1+ Bf6 13.exd5 exd5 14.Qh5+ g6 15.Qxd5+ Qxd5
16.Nxd5 Kg7 17.Rxf6 b5 18.Bb3 Ra7 19.Rd6 Re8 20.h3 Rb7 21.c3 Bd7 22.Kf2 Rc8
23.Nf4 Be8 24.Bd5 Rd7 25.Rb6 Bf7 26.Bb7 Re8 27.Bxa6 Nxa6 28.Rxa6 Rde7 29.Nxb5 Bc4
30.a4 Rxe3 31.Ra7+ R3e7 32.Rxe7+ Rxe7 33.Nd4 Ra7 34.b3 Bf7 35.Nfe6+ Kf6 36.Nc5 Bd5
37.b4 Ke5 38.Nd3+ Ke4 39.Nc5+ Ke5 40.g3 Rf7+ 41.Ke2 Bc4+ 42.Ke3 Kd5 43.a5 Rf1
44.Nd3 Ra1 45.Nb2 Ra2 46.Nxc4 Kxc4 47.b5 Rxa5 48.b6 Re5+ 49.Kf4 Re8 50.b7 Kd5
51.Kg5 Rb8 52.h4 Rxb7 53.h5 gxh5 54.Kxh5 Rc7 55.Kh6 Ke5 56.Ne2 Ke4 57.Kh5 Rc4
58.Nf4 Rxc3 59.Kg4 Rc6 60.Nh3 Rg6+ 61.Kh4  0-1

[Event "ch-BEL"]
[Site "Aalst BEL"]
[Date "2005.07.06"]
[Round "5"]
[White "Hautot,S"]
[Black "Piceu,T"]
[Result "1/2-1/2"]
[WhiteElo "2334"]
[BlackElo "2345"]

1.e4 c5 2.Nf3 d6 3.d4 cxd4 4.Nxd4 Nf6 5.Nc3 a6 6.Be3 e5 7.Nf3 Be7 8.Bc4 O-O
9.O-O Nbd7 10.h3 b5 11.Bd5 Nxd5 12.Nxd5 Nf6 13.Nxe7+ Qxe7 14.Bg5  1/2-1/2

[Event "Open"]
[Site "Barbera del Valles ESP"]
[Date "2005.07.06"]
[Round "3"]
[White "Losada Cabrera,F"]
[Black "Carstensen,J"]
[Result "1-0"]
[WhiteElo "2194"]
[BlackElo "2324"]

1.e4 c5 2.Nf3 d6 3.d4 cxd4 4.Nxd4 Nf6 5.Nc3 a6 6.Be3 e5 7.Nb3 Be7 8.f3 O-O
9.Qd2 Be6 10.O-O-O b5 11.g4 b4 12.Nd5 Bxd5 13.exd5 a5 14.Kb1 a4 15.Nc1 Qa5
16.h4 Rc8 17.h5 Rc3 18.bxc3 bxc3 19.Qd3 Qb4+ 20.Nb3 axb3 21.cxb3 Nbd7 22.g5 e4
23.Qc2 Ne8 24.Rd4 Qb7 25.Rxe4 Nc5 26.Rd4 Nc7 27.Bc4 Nd7 28.Qxc3 Ne5 29.f4 Nxc4
30.Qxc4 Bf8 31.f5 Nb5 32.Qc6 Qe7 33.Qxb5 Qxe3 34.Qd3 Qxg5 35.Qf3 Be7 36.Rc1 h6
37.Rdc4 Bf6 38.Rc8+ Rxc8 39.Rxc8+ Kh7 40.Kc2 Qg1 41.Rc4 Qh2+ 42.Kd1 Qxa2
43.Ke1 Qa1+ 44.Ke2 Qb2+ 45.Kf1 Qa1+ 46.Kg2 Qb2+ 47.Kf1 Qa1+ 48.Kg2 Qe1 49.Rc7 Bd4
50.Rxf7 Qg1+ 51.Kh3 Be5 52.f6 Qh2+ 53.Kg4 Qg1+ 54.Kf5 Bxf6 55.Ke6 Qe1+ 56.Kxd6 Qe5+
57.Kd7 Kg8 58.Rxf6 gxf6 59.Qg4+ Kf8 60.Qe6 Qd4 61.Qe8+ Kg7 62.Qg6+ Kf8 63.Qxh6+ Kf7
64.Qh7+ Kf8 65.Qe7+ Kg8 66.Qe6+ Kg7 67.d6 Qa7+ 68.Kd8 Qb8+ 69.Ke7 Qb7+ 70.d7 Qb4+
71.Qd6 Qe4+ 72.Kd8 Qa8+ 73.Kc7 Qa7+ 74.Kc6 Qa6+ 75.Kc5 Qa3+ 76.Kc6 Qa6+ 77.Kd5 Qd3+
78.Kc5 Qc3+ 79.Kb6 Qxb3+ 80.Kc7 Qc3+ 81.Qc6 Qe5+ 82.Kb7 Qe7 83.Kc8  1-0

[Event "DMP 1st League"]
[Site "Koszalin POL"]
[Date "2005.07.06"]
[Round "2"]
[White "Szczepinski,M"]
[Black "Mazurkiewicz,M"]
[Result "0-1"]
[WhiteElo "2259"]
[BlackElo "2124"]

1.e4 c5 2.Nf3 d6 3.d4 cxd4 4.Nxd4 Nf6 5.Nc3 a6 6.Be3 e5 7.Nb3 Be6 8.Qd2 Nbd7
9.f3 b5 10.g4 Nb6 11.g5 Nfd7 12.Nd5 Bxd5 13.exd5 Qc7 14.c3 Rb8 15.Na5 Be7
16.h4 Rc8 17.h5 Nxd5 18.Qxd5 Qxa5 19.Bh3 Rc7 20.g6 O-O 21.Bxd7 Rxd7 22.O-O-O Bf6
23.Rdg1 Rc8 24.Kb1 Qc7 25.Qd2 Qc6 26.Qg2 d5 27.Bg5 Qe6 28.Bxf6 Qxf6 29.Qg4 Rcd8
30.gxh7+ Kxh7 31.Re1 Kh8 32.Qg3 Qf5+ 33.Ka1 f6 34.Rhg1 Rc7 35.Rd1 Re7 36.Rd2 d4
37.cxd4 Rxd4 38.Re2 Red7 39.Ree1 Rd3 40.Rc1 Kh7 41.Rgf1 Qg5 42.Qh3 e4 43.Qe6 exf3
44.h6 gxh6 45.a4 Qe5 46.Qc6 Ra3+ 47.Kb1 Qf5+ 48.Rc2 Rxa4  0-1

[Event "4th Open"]
[Site "La Fere FRA"]
[Date "2005.07.06"]
[Round "6"]
[White "Bitalzadeh,A"]
[Black "Genov,Peta"]
[Result "0-1"]
[WhiteElo "2317"]
[BlackElo "2469"]

1.e4 c5 2.Nf3 d6 3.d4 cxd4 4.Nxd4 Nf6 5.Nc3 a6 6.Be3 e6 7.f3 b5 8.g4 Bb7
9.Qd2 Nc6 10.O-O-O Rc8 11.Kb1 Ne5 12.Bd3 Nfd7 13.Bg5 Qb6 14.Qe3 b4 15.Nce2 d5
16.exd5 Bxd5 17.Be4 Nc4 18.Qc1 Bxe4 19.fxe4 Bd6 20.Rd3 Nc5 21.Rh3 Nxe4 22.Be3 Qb7
23.Rf1 Be5 24.Nf4 O-O 25.Nh5 Rfd8 26.Rd1 Nxe3 27.Qxe3 Nc3+ 28.Ka1 Bxd4 29.Qg5 Nxd1  0-1

[Event "4th Open"]
[Site "La Fere FRA"]
[Date "2005.07.06"]
[Round "7"]
[White "Aine,O"]
[Black "Cozette,M"]
[Result "1-0"]
[WhiteElo "1851"]
[BlackElo "2024"]

1.e4 c5 2.Nf3 d6 3.d4 cxd4 4.Nxd4 Nf6 5.Nc3 a6 6.Be3 e5 7.Nb3 Be6 8.Nd5 Nbd7
9.f3 Bxd5 10.exd5 Be7 11.c4 O-O 12.Bd3 Rc8 13.O-O a5 14.Rc1 a4 15.Nd2 Qa5
16.Ne4 Nxe4 17.fxe4 Nc5 18.Rc3 Ra8 19.Bc2 Qb4 20.Bc1 a3 21.Rh3 Qxc4 22.Qh5 h6
23.Bxh6 g6 24.Rg3 Qd4+ 25.Kh1 Kh7 26.Rxf7+ Rxf7 27.Qxg6+ Kh8 28.Bg7+  1-0

[Event "VISUS Open"]
[Site "Prague CZE"]
[Date "2005.07.06"]
[Round "5"]
[White "Priborsky,J"]
[Black "Slovak,Pa"]
[Result "1-0"]
[WhiteElo "2320"]
[BlackElo "2105"]

1.e4 c5 2.Nf3 d6 3.d4 cxd4 4.Nxd4 Nf6 5.Nc3 a6 6.Be3 e6 7.f3 Be7 8.Qd2 O-O
9.O-O-O Nc6 10.g4 Qc7 11.h4 b5 12.Nxc6 Qxc6 13.g5 Nh5 14.Bh3 b4 15.Ne2 Qa4
16.Kb1 e5 17.Bg4 g6 18.Bxh5 gxh5 19.Ng3 Be6 20.b3 Qb5 21.Nxh5 a5 22.Nf6+ Kh8
23.f4 a4 24.Nd5 axb3 25.cxb3 Ra3 26.f5 Bxd5 27.Qxd5 Qe2 28.Qd2 Qf3 29.f6 Qxe4+
30.Qd3 Qg2 31.Qc2 Qxc2+ 32.Kxc2 Rc8+ 33.Kb1 Bf8 34.Rd5 Rb8 35.Rc1 h6 36.Rc7 Kh7
37.Rxf7+ Kg6 38.Rc7 hxg5 39.hxg5 Kf5 40.Rd2 Ra5 41.Rf2+ Ke4 42.Bc1 d5 43.g6 Bc5
44.Rxc5 Rxc5 45.f7 Rbc8 46.Bh6  1-0

[Event "Open"]
[Site "Barbera del Valles ESP"]
[Date "2005.07.07"]
[Round "4"]
[White "Vehi Bach,V"]
[Black "Bellet,G"]
[Result "1-0"]
[WhiteElo "2404"]
[BlackElo "2163"]

1.e4 c5 2.Nf3 a6 3.Nc3 d6 4.d4 cxd4 5.Nxd4 Nf6 6.Be3 e6 7.Qd2 Qc7 8.f3 Nc6
9.g4 Ne5 10.O-O-O Be7 11.Kb1 Nc4 12.Bxc4 Qxc4 13.g5 Nd7 14.h4 b5 15.h5 Qc7
16.g6 Ne5 17.h6 gxh6 18.g7 Rg8 19.Rdg1 Nc4 20.Qd3 Nxe3 21.Qxe3 Bb7 22.Rxh6 O-O-O
23.Nce2 Qc5 24.Qf4 e5 25.Qxf7 exd4 26.Qxe7 d3 27.cxd3 Qe3 28.Rc1+ Kb8 29.Rxd6  1-0

[Event "Open"]
[Site "Barbera del Valles ESP"]
[Date "2005.07.08"]
[Round "5"]
[White "Parligras,M"]
[Black "Randazzo,A"]
[Result "1-0"]
[WhiteElo "2571"]
[BlackElo "2262"]

1.e4 c5 2.Nf3 d6 3.d4 cxd4 4.Nxd4 Nf6 5.Nc3 a6 6.Be3 e5 7.Nb3 Be7 8.f3 O-O
9.Qd2 Be6 10.O-O-O Qc7 11.g4 Rc8 12.g5 Nh5 13.Kb1 Nd7 14.Nd5 Bxd5 15.exd5 a5
16.a3 a4 17.Nc1 g6 18.Rg1 Nb6 19.Na2 Nc4 20.Bxc4 Qxc4 21.Rg4 Qc7 22.Nc3 Qd7
23.Rdg1 Bf8 24.Rb4 Bg7 25.Rgg4 f5 26.gxf6 Nxf6 27.Nxa4 Rxa4 28.Rxa4 Nxg4
29.Rxg4 Qb5 30.Rb4 Qf1+ 31.Ka2 Qxf3 32.Rxb7 Qe4 33.Rb4 Qh1 34.a4 Ra8 35.Bb6 e4
36.a5 Kh8 37.Ra4 Rf8 38.a6 Rf1 39.a7 Ra1+ 40.Kb3 Rxa4 41.Kxa4 Qa1+ 42.Kb5 Qf1+
43.c4 Qf8 44.Qa5 Qa8 45.Kb4  1-0

[Event "VISUS Open"]
[Site "Prague CZE"]
[Date "2005.07.08"]
[Round "7"]
[White "Vrkoc,D"]
[Black "Slovak,Pa"]
[Result "1-0"]
[WhiteElo "2163"]
[BlackElo "2105"]

1.e4 c5 2.Nf3 d6 3.d4 cxd4 4.Nxd4 Nf6 5.Nc3 a6 6.Be3 Ng4 7.Bc1 g6 8.f3 Nf6
9.Be3 Bg7 10.Qd2 Nc6 11.g4 Nd7 12.O-O-O O-O 13.h4 Nde5 14.Be2 b5 15.h5 Nxd4
16.Bxd4 f6 17.hxg6 hxg6 18.Nd5 Rb8 19.Nf4 Kf7 20.Nh3 Be6 21.g5 Qc7 22.f4 Nc6
23.gxf6 exf6 24.f5 Bxa2 25.Nf4 Rbc8 26.fxg6+ Ke8 27.c4 Bxc4 28.Bxc4 Na5 29.Bc3 Nxc4
30.Qd5 Qe7 31.Ne6 b4 32.Rh7 Rg8 33.Nxg7+ Rxg7 34.Rh8+ Kd7 35.Qf5+ Qe6 36.Qxe6+ Kxe6
37.Rxc8  1-0

[Event "Open"]
[Site "Barbera del Valles ESP"]
[Date "2005.07.09"]
[Round "6"]
[White "Vehi Bach,V"]
[Black "Losada Cabrera,F"]
[Result "1-0"]
[WhiteElo "2404"]
[BlackElo "2194"]

1.e4 c5 2.Nf3 d6 3.d4 cxd4 4.Nxd4 Nf6 5.Nc3 a6 6.Be3 e5 7.Nb3 Be6 8.f4 exf4
9.Bxf4 Nc6 10.Qe2 Be7 11.h3 Nd7 12.O-O-O Nce5 13.Kb1 O-O 14.g4 Qc7 15.Nd4 Rfc8
16.Qg2 b5 17.g5 b4 18.Nd5 Bxd5 19.exd5 a5 20.Bb5 a4 21.Bc6 Ra6 22.Qe2 Nc5
23.Rhe1 Ng6 24.Bd2 Qb6 25.Qb5 b3 26.cxb3 axb3 27.a3 Ne5 28.Qxb6 Rxb6 29.Ba5 Rbb8
30.Bb4 Na6 31.Rxe5 dxe5 32.Bxe7 exd4 33.Rxd4 Nc7 34.Rd1 Rb6 35.Bc5 Nxd5 36.Bxb6 Nxb6
37.Bd5 Nxd5 38.Rxd5 Re8 39.Kc1 Kf8 40.Rd3 Rb8 41.Re3 f5 42.gxf6 gxf6 43.Kd2 Kf7
44.Kc3 f5 45.Kc4 Kf6 46.Rxb3 Rd8 47.Rd3 Rb8 48.b4 Ke5 49.Rd7 Rc8+ 50.Kb3 h6
51.b5 f4 52.Rf7 Ke4 53.Kb4 f3 54.b6 Rc1 55.a4 Rb1+ 56.Kc5 Ra1 57.Kb5 Rb1+
58.Ka6  1-0

[Event "DMP 1st League"]
[Site "Koszalin POL"]
[Date "2005.07.09"]
[Round "6"]
[White "Kohut,A"]
[Black "Mlodzinska,I"]
[Result "1-0"]
[WhiteElo "2065"]
[BlackElo "1916"]

1.e4 c5 2.Nf3 d6 3.d4 cxd4 4.Nxd4 Nf6 5.Nc3 a6 6.Be3 e5 7.Nb3 Be6 8.f3 Nbd7
9.Qd2 Qc7 10.O-O-O b5 11.g4 b4 12.Nd5 Bxd5 13.exd5 a5 14.Kb1 Be7 15.g5 Nh5
16.Bb5 O-O 17.Bc6 Rab8 18.Bxd7 Qxd7 19.Nxa5 Qb5 20.Nc6 Rb7 21.Qd3 Qa4 22.b3 Qa3
23.Bc1 Qa8 24.Rhe1 f5 25.Bd2 Qa3 26.Bc1 Qa8 27.Qc4 Bd8 28.Bd2 Ba5 29.a3 Rc8
30.axb4 Bb6 31.Kb2 Rf7 32.Ra1 Qb7 33.Qa6 Qc7 34.Qb5 f4 35.Ra6 Bf2 36.Rf1 Bh4
37.Ra7 Rb8 38.Qa4 Rb7 39.Rxb7 Qxb7 40.Nd8 Qxd5 41.Nxf7 Kxf7 42.Qd7+ Kg6 43.Qe8+ Kxg5
44.Qe7+ Kh6 45.Bxf4+ exf4 46.Qxh4 Qd4+ 47.Kb1 Qxb4 48.Re1 Qd4 49.Re6+ g6
50.Re1 Qc3 51.Qf2 d5 52.Rd1 Qe5 53.Qd4 Qe2 54.Qxd5 Qxh2 55.b4 Qf2 56.Rh1 Qb6
57.Qc5 Qb7 58.Qf8+ Kg5 59.Qc5+ Kh6 60.Qf8+ Kg5 61.Qc5+ Kh6 62.Qc3 Qd5 63.Qd3 Qb7
64.Qc3 Qb6 65.Qc5 Qb7 66.Qc3 Qb6 67.Qc5 Qb7 68.Qf8+ Kg5 69.Qc5+ Kf6 70.Qd6+ Kg7
71.Qe5+ Kg8 72.Qe8+ Kg7 73.Qe5+ Kg8 74.Qe6+ Kg7 75.Qe5+ Kg8 76.Qc3 Ng3 77.Rd1 Qb8
78.Rd7 Qf8 79.Qc4+ Kh8 80.Qd4+ Kg8 81.Rd8  1-0

[Event "inAUTOmarket Open"]
[Site "Minsk BLR"]
[Date "2005.07.12"]
[Round "3"]
[White "Kurenkov,N"]
[Black "Shkuran,D"]
[Result "1-0"]
[WhiteElo "2455"]
[BlackElo "2374"]

1.e4 c5 2.Nf3 d6 3.d4 cxd4 4.Nxd4 Nf6 5.Nc3 a6 6.Be3 Ng4 7.Bc1 Nf6 8.Be2 e6
9.a4 Nc6 10.O-O Be7 11.Be3 O-O 12.f4 Qc7 13.Kh1 Bd7 14.Nb3 Na5 15.Nd2 Rab8
16.Bd3 b5 17.axb5 axb5 18.e5 Ne8 19.Nce4 Nc6 20.Qh5 g6 21.Qh6 f5 22.exf6 Bxf6
23.Ng5 Bc8 24.Be4 Nd4 25.Ndf3 Nf5 26.Bxf5 gxf5 27.Ra7 Rb7 28.Ra8 Qc4 29.Rfa1 Bxg5
30.Nxg5 Nf6 31.b3 Qd5 32.Rxc8 Rxc8 33.Qxf6 Rf8 34.Qh6 Re7 35.Re1 e5 36.Nf3 Re6
37.Qh4 Rg6 38.Bc1 e4 39.Ng5 Qb7 40.Bb2 Rc8 41.Qf2  1-0